L'Àpat : un cada dissapte un cada dissapte
Descripción Física:
1 exemplar ; 28 cm
Materias:
Premsa comarcal -- Revistes
Idioma:
Catalán
MARC
| LEADER | 00000nas a2200000 a 4500 | ||
|---|---|---|---|
| 003 | Arxiu | ||
| 005 | 20260324180130.0 | ||
| 008 | 160829s1907 spc xx cat c | ||
| 040 | |a AGDB | ||
| 080 | |a Revistes | ||
| 245 | 0 | 2 | |a L'Àpat : |b un cada dissapte |
| 246 | 1 | 2 | |a Àpat : |b un cada dissabte |
| 260 | |a Sant Sadurní de Noya : |b [s.n.] ; Barcelona : |b Impremta de F. Altés, |c 1907 | ||
| 300 | |a 1 exemplar ; |c 28 cm | ||
| 310 | |a Setmanal | ||
| 362 | |a Any 1, núm. 1 (gen. 1904)-any 15, núm. 774 (16 nov. 1918) | ||
| 590 | |a Setmanal. | ||
| 590 | |a Descripció basada en: Año 4, no. 198 (oct. 1907). | ||
| 590 | |a El subtítol varia posteriorment: Setmanari popular. | ||
| 590 | |a Continuada per: Bon seny. | ||
| 590 | |a Prové de 2559, exp. 1 | ||
| 650 | 0 | |a Premsa comarcal |v Revistes |9 11490 | |
| 752 | |a Catalunya |b Barcelona (Província) |c Alt Penedès |d Sant Sadurní d'Anoia | ||
| 866 | |a Any 4, 1907 (198) | ||
| 901 | |a Arxiu | ||
| 942 | |n 1 |2 udc |c REV | ||
| 952 | |0 0 |1 0 |4 0 |6 REV |7 1 |9 53802 |a Arxiu |b Arxiu |d 2023-03-29 |h Any 4, núm. 198 (octubre de 1907) |o Rev- |r 2016-12-01 00:00:00 |w 2016-12-01 |y ARXIU | ||
| 999 | |c 57668 |d 57668 | ||